[Event "San Salvador zt 2.3"]
[Site "San Salvador"]
[Date "2017.05.29"]
[Round "6"]
[White "Alfaro Caracas, William"]
[Black "Chavez, Hector Eduardo"]
[Result "1-0"]
[WhiteElo "2162"]
[BlackElo "2112"]
[PlyCount "67"]
[EventDate "2017.05.26"]
[EventType "swiss"]
[EventRounds "9"]
[EventCountry "ESA"]
[SourceTitle "CBM 178 Extra"]
[Source "ChessBase"]
[SourceDate "2017.06.22"]
[SourceVersion "1"]
[SourceVersionDate "2017.06.22"]
[SourceQuality "1"]

1. d4 Nf6 2. c4 c5 3. d5 b5 4. cxb5 a6 5. bxa6 g6 6. Nc3 Bxa6 7. e4 Bxf1 8. Kxf1 d6 9. g3 Bg7 10. Nf3 Nbd7 11. Kg2 0-0 12. a4 Ra6 13. Qc2 Qa8 14. Ra3 Rb8 15. Nb5 Ne8 16. Bd2 Nb6 17. Rha1 Bxb2 18. Qxb2 Nc4 19. Qb3 Nxa3 20. Rxa3 Nc7 21. Nxc7 Rxb3 22. Rxb3 Qc8 23. Nxa6 Qxa6 24. a5 f6 25. Rb6 Qc4 26. a6 Kf7 27. a7 Qa4 28. Rb7 g5 29. h3 h5 30. Be3 Qxe4 31. a8Q g4 32. hxg4 hxg4 33. Qh8 Qxf3+ 34. Kg1 1-0

[Event "Olympiad-42"]
[Site "Baku"]
[Date "2016.09.09"]
[Round "7.3"]
[White "Thorsteinsson, Sjurdur"]
[Black "Chavez, Hector Eduardo"]
[Result "1-0"]
[WhiteElo "2187"]
[BlackElo "2077"]
[PlyCount "119"]
[EventDate "2016.09.02"]
[EventType "team-swiss"]
[EventRounds "11"]
[EventCountry "AZE"]
[SourceTitle "CBM 175"]
[Source "ChessBase"]
[SourceDate "2016.11.10"]
[SourceVersion "1"]
[SourceVersionDate "2016.11.10"]
[SourceQuality "1"]
[WhiteTeam "Faroe Islands"]
[BlackTeam "El Salvador"]
[WhiteTeamCountry "FAI"]
[BlackTeamCountry "ESA"]

1. e4 c5 2. Nf3 g6 3. d4 cxd4 4. Nxd4 Bg7 5. c4 Nc6 6. Nc2 d6 7. Be2 f5 8. exf5 Bxf5 9. 0-0 Nh6 10. Nc3 0-0 11. Ne3 Bd7 12. Bd2 Nd4 13. Bd3 a6 14. a4 Rb8 15. Rb1 e6 16. Ne4 Qh4 17. f3 Nhf5 18. Nxf5 gxf5 19. g3 Qh3 20. Nc3 Bc6 21. Rf2 Qh5 22. Be2 Rbe8 23. Be3 Nxe2+ 24. Qxe2 f4 25. gxf4 e5 26. Qd1 exf4 27. Bb6 Re5 28. Kh1 Rfe8 29. Qf1 Rg5 30. Rd1 Rg3 31. Rd3 Re6 32. Nd5 Bxd5 33. Rxd5 Rg5 34. Rxg5 Qxg5 35. Rg2 Qe7 36. Bf2 Kh8 37. Qg1 Re2 38. Rxg7 Qxg7 39. Bd4 Re5 40. Qxg7+ Kxg7 41. Bxe5+ dxe5 42. a5 Kf6 43. Kg2 Kf5 44. Kf2 e4 45. fxe4+ Kxe4 46. h4 Kd4 47. Kf3 Ke5 48. b3 h5 49. b4 Kd4 50. b5 Kxc4 51. bxa6 bxa6 52. Kxf4 Kd4 53. Kg5 Ke5 54. Kxh5 Kf5 55. Kh6 Kf6 56. Kh7 Kf7 57. Kh6 Kf6 58. h5 Kf7 59. Kg5 Kg7 60. Kf5 1-0

[Event "Olympiad-42"]
[Site "Baku"]
[Date "2016.09.05"]
[Round "4.3"]
[White "Chavez, Hector Eduardo"]
[Black "Dive, Russell John"]
[Result "1/2-1/2"]
[WhiteElo "2077"]
[BlackElo "2309"]
[PlyCount "98"]
[EventDate "2016.09.02"]
[EventType "team-swiss"]
[EventRounds "11"]
[EventCountry "AZE"]
[SourceTitle "CBM 175"]
[Source "ChessBase"]
[SourceDate "2016.11.10"]
[SourceVersion "1"]
[SourceVersionDate "2016.11.10"]
[SourceQuality "1"]
[WhiteTeam "El Salvador"]
[BlackTeam "New Zealand"]
[WhiteTeamCountry "ESA"]
[BlackTeamCountry "NZL"]

1. e4 c6 2. d4 d5 3. e5 c5 4. c3 Nc6 5. Nf3 Bg4 6. dxc5 e6 7. Be3 Bxf3 8. Qxf3 Nxe5 9. Bb5+ Nc6 10. 0-0 Nf6 11. c4 a6 12. cxd5 Qxd5 13. Bxc6+ bxc6 14. Qe2 Be7 15. Nc3 Qf5 16. b4 0-0 17. h3 a5 18. a3 Rfb8 19. Rab1 axb4 20. axb4 Ne4 21. Qc4 Nxc3 22. Qxc3 Bf6 23. Bd4 Bxd4 24. Qxd4 Rd8 25. Qc4 Rd5 26. Ra1 Rxa1 27. Rxa1 h6 28. Rf1 Rd2 29. Qc3 Qd5 30. b5 cxb5 31. c6 Rd1 32. Rxd1 Qxd1+ 33. Kh2 Qd6+ 34. g3 b4 35. Qc4 Qc7 36. Qb5 Qa7 37. Kg2 b3 38. Qxb3 Qc5 39. Qb8+ Kh7 40. c7 Qd5+ 41. Kh2 Qc5 42. Kg2 Qc6+ 43. Kf1 Qc1+ 44. Ke2 Qc2+ 45. Kf1 Qc1+ 46. Kg2 Qc6+ 47. Kh2 Qc5 48. Kg2 Qc6+ 49. Kh2 Qc5 1/2-1/2

[Event "Managua Sub zt 2.3"]
[Site "Managua"]
[Date "2014.05.02"]
[Round "9"]
[White "Chavez, Hector Eduardo"]
[Black "Castillo, Rommel"]
[Result "0-1"]
[WhiteElo "2168"]
[BlackElo "2049"]
[PlyCount "58"]
[EventDate "2014.04.27"]
[EventType "swiss"]
[EventRounds "9"]
[EventCountry "NCA"]
[SourceTitle "EXT 2015"]
[Source "ChessBase"]
[SourceDate "2014.11.20"]
[SourceVersion "1"]
[SourceVersionDate "2014.11.20"]
[SourceQuality "1"]

1. e4 g6 2. d4 Bg7 3. Nc3 d6 4. Bg5 Nc6 5. Nf3 Bg4 6. d5 Nd4 7. Be3 Bxf3 8. gxf3 c5 9. a4 e6 10. Bc4 a6 11. Nb1 Qf6 12. Nd2 Ne7 13. dxe6 fxe6 14. c3 d5 15. cxd4 cxd4 16. Bxd4 Qxd4 17. Be2 0-0 18. Qb3 Rab8 19. Rf1 Nc6 20. Rd1 Qc5 21. Qe3 Nd4 22. Bd3 Qb4 23. f4 Bh6 24. Qh3 Bxf4 25. f3 Rbc8 26. e5 Rc1 27. Qg2 Bxd2+ 28. Qxd2 Nxf3+ 29. Rxf3 Rxd1+ 0-1

[Event "Managua Sub zt 2.3"]
[Site "Managua"]
[Date "2014.05.01"]
[Round "6"]
[White "De la Cruz, Erick Fernando"]
[Black "Chavez, Hector Eduardo"]
[Result "1/2-1/2"]
[WhiteElo "2051"]
[BlackElo "2168"]
[PlyCount "101"]
[EventDate "2014.04.27"]
[EventType "swiss"]
[EventRounds "9"]
[EventCountry "NCA"]
[SourceTitle "EXT 2015"]
[Source "ChessBase"]
[SourceDate "2014.11.20"]
[SourceVersion "1"]
[SourceVersionDate "2014.11.20"]
[SourceQuality "1"]

1. Nf3 g6 2. c4 Bg7 3. Nc3 d6 4. g3 e5 5. d4 Nc6 6. dxe5 Nxe5 7. Bg2 Nxf3+ 8. Bxf3 Ne7 9. Bg5 h6 10. Bf4 0-0 11. 0-0 g5 12. Bd2 Ng6 13. Bg2 c6 14. e4 Ne5 15. b3 Bg4 16. f3 Qb6+ 17. Kh1 Bh5 18. Na4 Qc7 19. Bc3 f5 20. exf5 b5 21. cxb5 cxb5 22. Qd5+ Kh8 23. Qxb5 Be8 24. Qb4 Rxf5 25. Rad1 Rd8 26. Qa5 Rc8 27. Qxc7 Rxc7 28. Bb4 Rc2 29. Rxd6 Bc6 30. Rd2 Rxd2 31. Bxd2 Nxf3 32. Rc1 Bxa4 33. Bxf3 Rxf3 34. bxa4 Ra3 35. Rc4 Rxa2 36. Be3 a6 37. Bd4 Bxd4 38. Rxd4 Kg7 39. Rd7+ Kf6 40. Rd6+ Kf5 41. Rxa6 h5 42. Rh6 Kg4 43. Kg1 Rxa4 44. Rf6 Ra1+ 45. Kg2 Ra2+ 46. Rf2 Rxf2+ 47. Kxf2 Kf5 48. h3 Ke4 49. Ke2 g4 50. h4 Kd4 51. Kd2 1/2-1/2

[Event "Olympiad-38"]
[Site "Dresden"]
[Date "2008.11.25"]
[Round "11"]
[White "Adebayo, Adegboyega"]
[Black "Chavez, Hector Eduardo"]
[Result "1-0"]
[WhiteElo "2266"]
[BlackElo "2202"]
[PlyCount "57"]
[EventDate "2008.11.13"]
[EventType "team-swiss"]
[EventRounds "11"]
[EventCountry "GER"]
[SourceTitle "CBM 128"]
[Source "ChessBase"]
[SourceDate "2009.01.28"]
[SourceVersion "1"]
[SourceVersionDate "2009.01.28"]
[SourceQuality "1"]
[WhiteTeam "Nigeria"]
[BlackTeam "El Salvador"]
[WhiteTeamCountry "NGR"]
[BlackTeamCountry "ESA"]

1. d4 g6 2. e4 Bg7 3. f4 c5 4. dxc5 Qa5+ 5. c3 Qxc5 6. Bd3 d5 7. e5 Nc6 8. Nf3 Bg4 9. h3 Bf5 10. Bxf5 gxf5 11. Qd3 Nb4 12. Qe2 Nc6 13. Be3 Qa5 14. Nbd2 e6 15. Nb3 Qc7 16. Nfd4 a6 17. Qh5 Nxd4 18. Nxd4 0-0-0 19. g4 fxg4 20. hxg4 Qd7 21. 0-0-0 Qe8 22. Rhe1 Ne7 23. f5 exf5 24. Bg5 fxg4 25. Bxe7 Qxe7 26. Qxg4+ Kb8 27. Qxg7 h5 28. e6 Rdg8 29. exf7 1-0

[Event "ESA-ch"]
[Site "San Salvador"]
[Date "2003.??.??"]
[Round "4"]
[White "Burgos Figueroa, Carlos Ernesto"]
[Black "Chavez, Hector Eduardo"]
[Result "1/2-1/2"]
[WhiteElo "2231"]
[BlackElo "2118"]
[PlyCount "126"]
[EventDate "2003.??.??"]
[EventType "swiss"]
[EventRounds "9"]
[EventCountry "ESA"]
[SourceTitle "EXT 2005"]
[Source "ChessBase"]
[SourceDate "2004.11.15"]
[SourceVersion "1"]
[SourceVersionDate "2004.11.15"]
[SourceQuality "1"]

1. Nf3 d5 2. e4 dxe4 3. Ng5 Nf6 4. Bc4 e6 5. Nc3 Be7 6. 0-0 a6 7. a4 c5 8. Ngxe4 Nxe4 9. Nxe4 Nc6 10. d3 Ne5 11. Bb3 b6 12. a5 b5 13. Bf4 Ng6 14. Be3 Qc7 15. Qh5 f5 16. Ng5 Bxg5 17. Qxg5 0-0 18. h4 Rf6 19. h5 h6 20. Qg3 f4 21. Qg4 Ne7 22. Bd2 Kh8 23. Bc3 e5 24. Qe2 Nc6 25. Bd5 Bb7 26. Rfe1 Re8 27. Qe4 b4 28. Bd2 Nxa5 29. d4 Bxd5 30. Qxd5 Rd6 31. Qa2 Rxd4 32. Bxf4 Rxf4 33. Qxa5 Qd6 34. g3 Rf5 35. Rad1 Qc6 36. Rd8 Rxh5 37. Rxe8+ Qxe8 38. Qxa6 Qd7 39. Qa8+ Kh7 40. Qe4+ Qf5 41. Kg2 Qxe4+ 42. Rxe4 Kg6 43. Rc4 e4 44. Rxe4 Rd5 45. Kf3 Kf5 46. g4+ Kf6 47. Ke3 Re5 48. f4 Rxe4+ 49. Kxe4 g6 50. c4 bxc3 51. bxc3 h5 52. Kf3 c4 53. Kg3 Ke6 54. f5+ Kf6 55. fxg6 hxg4 56. g7 Kxg7 57. Kxg4 Kg6 58. Kf4 Kf6 59. Ke4 Ke6 60. Kd4 Kd6 61. Kxc4 Kc6 62. Kb4 Kb6 63. c4 Kc6 1/2-1/2

[Event "San Salvador zt"]
[Site "San Salvador"]
[Date "1998.11.13"]
[Round "7"]
[White "Chavez, Hector Eduardo"]
[Black "Chavez, Ricardo Ernesto"]
[Result "0-1"]
[WhiteElo "2070"]
[BlackElo "2150"]
[PlyCount "62"]
[EventDate "1998.11.05"]
[EventType "swiss"]
[EventRounds "9"]
[EventCountry "ESA"]
[SourceTitle "CBM 067 Extra"]
[Source "ChessBase"]
[SourceDate "1999.01.01"]
[SourceVersion "1"]
[SourceVersionDate "1999.01.01"]
[SourceQuality "1"]

1. e4 c5 2. Nf3 Nc6 3. d4 cxd4 4. Nxd4 g6 5. Nc3 Bg7 6. Be3 Nf6 7. f3 0-0 8. Bc4 Qb6 9. Qd2 Nxe4 10. fxe4 Bxd4 11. Bxd4 Qxd4 12. Qxd4 Nxd4 13. 0-0-0 Nc6 14. h4 d6 15. Rdg1 Kg7 16. g4 h6 17. h5 Ne5 18. Be2 g5 19. Nd5 e6 20. Nc7 Rb8 21. c4 a6 22. b4 Bd7 23. c5 dxc5 24. b5 axb5 25. Bxb5 Bxb5 26. Nxb5 Ra8 27. Kb1 Ra4 28. Nc3 Rd4 29. Rd1 Nxg4 30. Rxd4 cxd4 31. Nb5 Rd8 0-1

[Event "San Salvador zt"]
[Site "San Salvador"]
[Date "1998.11.09"]
[Round "4"]
[White "Chavez, Hector Eduardo"]
[Black "Castillo Melenes, Otto Rene"]
[Result "0-1"]
[WhiteElo "2070"]
[BlackElo "2195"]
[PlyCount "58"]
[EventDate "1998.11.05"]
[EventType "swiss"]
[EventRounds "9"]
[EventCountry "ESA"]
[SourceTitle "CBM 067 Extra"]
[Source "ChessBase"]
[SourceDate "1999.01.01"]
[SourceVersion "1"]
[SourceVersionDate "1999.01.01"]
[SourceQuality "1"]

1. e4 e5 2. Bc4 Nf6 3. Qe2 Bc5 4. d3 0-0 5. Nf3 d6 6. c3 Nc6 7. Bb3 h6 8. Nbd2 Kh8 9. h3 Nh7 10. g4 Ne7 11. Nf1 Be6 12. Bc2 Ng6 13. Ng3 c6 14. Nf5 d5 15. h4 b5 16. b3 Re8 17. h5 dxe4 18. hxg6 exf3 19. Qxf3 fxg6 20. Nh4 Bd5 21. Nxg6+ Kg8 22. Qh3 Bxh1 23. Qxh1 Qf6 24. Qe4 Qxf2+ 25. Kd1 Qf1+ 26. Qe1 Qxe1+ 27. Kxe1 Re6 28. d4 exd4+ 29. Kd1 dxc3 0-1

[Event "San Salvador zt"]
[Site "San Salvador"]
[Date "1998.11.06"]
[Round "2"]
[White "Soto Paez, Oliver de la Trinid"]
[Black "Chavez, Hector Eduardo"]
[Result "1-0"]
[WhiteElo "2320"]
[BlackElo "2070"]
[PlyCount "137"]
[EventDate "1998.11.05"]
[EventType "swiss"]
[EventRounds "9"]
[EventCountry "ESA"]
[SourceTitle "CBM 067 Extra"]
[Source "ChessBase"]
[SourceDate "1999.01.01"]
[SourceVersion "1"]
[SourceVersionDate "1999.01.01"]
[SourceQuality "1"]

1. e4 c5 2. Nf3 Nc6 3. d4 cxd4 4. Nxd4 g6 5. Nc3 Bg7 6. Be3 Nf6 7. Be2 0-0 8. 0-0 d5 9. exd5 Nxd5 10. Nxd5 Qxd5 11. Bf3 Qc4 12. Nxc6 bxc6 13. b3 Qc3 14. Rc1 Ba6 15. Bd2 Qd4 16. c4 Rad8 17. Ba5 Rc8 18. Qe2 Qd7 19. Rfd1 Bd4 20. b4 Rfe8 21. Qe5 c5 22. Qe4 f5 23. Qd5+ Qxd5 24. Bxd5+ e6 25. Bf3 Rb8 26. Bc6 Re7 27. b5 Bb7 28. Bxb7 Rbxb7 29. Bc3 e5 30. Bxd4 exd4 31. Kf1 Kf7 32. a4 Ke8 33. a5 Kd8 34. Rc2 Kc8 35. Re2 Rxe2 36. Kxe2 Re7+ 37. Kd3 Kb7 38. h4 h5 39. Rh1 Re6 40. Rh3 Kc7 41. Rg3 Kd7 42. Kd2 Kd8 43. Rg5 Ke7 44. g4 hxg4 45. h5 gxh5 46. Rxh5 f4 47. Rxc5 f3 48. Rg5 Re2+ 49. Kd3 Rxf2 50. Rxg4 Rg2 51. Rxd4 Ra2 52. Rf4 Rxa5 53. Rxf3 Kd6 54. Kd4 Ra1 55. Rf6+ Kc7 56. Kc5 Rh1 57. Rf7+ Kb8 58. Rd7 Rh5+ 59. Kc6 Rh6+ 60. Rd6 Rh8 61. b6 axb6 62. Kxb6 Kc8 63. c5 Rf8 64. Rh6 Rg8 65. c6 Rf8 66. Rh7 Kb8 67. Rb7+ Ka8 68. Ra7+ Kb8 69. c7+ 1-0

[Event "Olympiad-33"]
[Site "Elista"]
[Date "1998.10.09"]
[Round "10.1"]
[White "Al Hadarani, Hatim"]
[Black "Chavez, Hector Eduardo"]
[Result "1/2-1/2"]
[WhiteElo "2340"]
[BlackElo "2070"]
[PlyCount "156"]
[EventDate "1998.09.29"]
[EventType "team-swiss"]
[EventRounds "13"]
[EventCountry "RUS"]
[SourceTitle "CBM 068"]
[Source "ChessBase"]
[SourceDate "1999.02.01"]
[SourceVersion "1"]
[SourceVersionDate "1999.02.01"]
[SourceQuality "1"]
[WhiteTeam "Yemen"]
[BlackTeam "El Salvador"]
[WhiteTeamCountry "YEM"]
[BlackTeamCountry "ESA"]

1. d4 d5 2. Nc3 Nf6 3. Bg5 Bf5 4. f3 Nbd7 5. Nxd5 Nxd5 6. e4 h6 7. Bc1 e6 8. exf5 exf5 9. c4 Bb4+ 10. Kf2 N5f6 11. Bd3 0-0 12. Bxf5 Nb6 13. Qd3 Re8 14. Ne2 g6 15. Bh3 Bf8 16. Bd2 c5 17. d5 Bg7 18. Rhe1 Nh7 19. g3 Bxb2 20. Rab1 Bg7 21. Nc3 Rxe1 22. Rxe1 Nd7 23. f4 Nhf6 24. Ne2 Ne8 25. Ng1 Nd6 26. Nf3 Nb6 27. Ne5 Qc7 28. Bc3 Rf8 29. Bf1 Nd7 30. Ng4 Nf5 31. Bxg7 Kxg7 32. Qc3+ Nd4 33. Bg2 Qd6 34. Qe3 Nf6 35. Nxf6 Qxf6 36. Qe5 Rd8 37. Bh3 a6 38. Qe7 Qxe7 39. Rxe7 b5 40. Rc7 bxc4 41. Rxc5 c3 42. Bg2 Re8 43. Rxc3 Re2+ 44. Kf1 Rxa2 45. Rd3 Ra1+ 46. Kf2 Ra2+ 47. Kg1 Ra1+ 48. Bf1 Ra4 49. d6 Kf8 50. Re3 Ne6 51. Bh3 Rd4 52. Bxe6 fxe6 53. Rxe6 Kf7 54. f5 gxf5 55. Rxh6 Kg7 56. Re6 Kf7 57. Re5 Kf6 58. Ra5 Rxd6 59. Kg2 Kg5 60. Ra4 Rb6 61. h4+ Kf6 62. Kf3 Rc6 63. Ra3 Rb6 64. Ke3 Rd6 65. Rc3 Kg6 66. Rc8 Rb6 67. Rg8+ Kf7 68. Ra8 Kg6 69. Kd4 Rb4+ 70. Ke5 Re4+ 71. Kd5 Rg4 72. Ke5 Re4+ 73. Kd5 Rg4 74. Rxa6+ Kh5 75. Ra8 Rxg3 76. Rh8+ Kg4 77. h5 Rh3 78. h6 Kg5 1/2-1/2